The dual system of stabilisation / (Record no. 4253)
[ view plain ]
| 000 -LEADER | |
|---|---|
| fixed length control field | 00806cam a22003011 4500 |
| 001 - CONTROL NUMBER | |
| control field | 4253 |
| 003 - CONTROL NUMBER IDENTIFIER | |
| rucl marc code | BD-RjUL |
| 005 - DATE AND TIME OF LATEST TRANSACTION | |
| control field | 20211208233848.0 |
| 008 - FIXED-LENGTH DATA ELEMENTS--GENERAL INFORMATION | |
| fixed length control field | 131222s1931 enk 001 0 eng |
| 035 ## - SYSTEM CONTROL NUMBER | |
| System control number | (BD-RjUL)4288 |
| System control number | (OCoLC)766240 |
| 040 ## - CATALOGING SOURCE | |
| Original cataloging agency | DLC |
| Transcribing agency | VtMiM |
| Modifying agency | DLC |
| -- | BD-RjUL |
| Language of cataloging | eng |
| 041 ## - LANGUAGE CODE | |
| Language code of text/sound track or separate title | eng |
| 082 04 - DEWEY DECIMAL CLASSIFICATION NUMBER | |
| Edition number | 16 |
| Classification number | 332.4 |
| Author mark and year | PED 1931 |
| 100 1# - MAIN ENTRY--PERSONAL NAME | |
| Personal name | Peddie, John Taylor, |
| Dates associated with a name | 1879- |
| 9 (RLIN) | 13480 |
| 245 14 - TITLE STATEMENT | |
| Title | The dual system of stabilisation / |
| Statement of responsibility, etc. | J. Taylor Peddie |
| 250 ## - EDITION STATEMENT | |
| Edition statement | Enl. 2d ed. |
| 260 ## - PUBLICATION, DISTRIBUTION, ETC. (IMPRINT) | |
| Place of publication, distribution, etc. | London : |
| Name of publisher, distributor, etc. | Macmillan, |
| Date of publication, distribution, etc. | 1931. |
| 300 ## - PHYSICAL DESCRIPTION | |
| Pagination | xii, 250 p. ; |
| Size | 22 cm. |
| 504 ## - BIBLIOGRAPHY, ETC. NOTE | |
| Bibliography, etc | Includes index. |
| 650 #0 - SUBJECT ADDED ENTRY--TOPICAL TERM | |
| Topical term or geographic name as entry element | Credit. |
| 9 (RLIN) | 13482 |
| Topical term or geographic name as entry element | Prices. |
| 9 (RLIN) | 13484 |
| Topical term or geographic name as entry element | Money. |
| 9 (RLIN) | 13486 |
| Topical term or geographic name as entry element | Economics. |
| 9 (RLIN) | 13487 |
| 942 ## - ADDED ENTRY ELEMENTS (KOHA) | |
| Source of classification or shelving scheme | Dewey Decimal Classification |
| Koha item type | Books |
| Lost status | Source of classification or shelving scheme | Damaged status | Not for loan | Collection code | Permanent Location | Current Location | Shelving location | Date acquired | Source of acquisition | Cost, normal purchase price | Total Checkouts | Full call number | Date last seen | Copy number | Koha item type |
|---|---|---|---|---|---|---|---|---|---|---|---|---|---|---|---|
| Dewey Decimal Classification | Not For Loan | Non-fiction | Central Library, University of Rajshahi | Central Library, University of Rajshahi | Reading Room | 07/11/1961 | Dr. anwar iqbal qurishi | 15.00 | 332.4 PED 1931 | 22/12/2013 | C-1 | Books |